=LDR 00000nam 2200000 4500 =001 INLIS000000000042396 =005 20131008015202 =008 ***********************************ind** =035 ##$$0010-101300000000318 =041 ##$$a ind =082 ##$$a 617.634 =090 ##$$a 617.634, Jan k =100 ##$$a Janti Sudiono =245 ##$$a Kista odontogenik, Pertumbuhan, Perkembangan =260 ##$$a 2012 $b Jakarta =300 ##$$a X,89 hlm, Ilus, 21 cm =650 ##$$a GIGI - PENYAKIT =700 ##$$a Lilian Juwono =850 ##$$a NBPNMAT =990 ##$$a 0001/BPAP-NTB/20142015 =990 ##$$a 0001/BPAP-NTB/20142015